00919nam a22002417a 450000500170000001000130001702000100003003500130004003700160005304000120006908200280008110000290010924500960013824600450023426000920027927000690037130000530044050000620049365000430055565000400059865000210063865000180065920170124102925.0 aA-576295 c60.00 aA-576295 bCen Lib/Ret aDPLbHN a821.08bपुरीउ aपुरी, उषा  aब्रज-भाषा काव्य में राधा /cउषा पुरी  aBraj bhasha kavye me radhabby Usha Puri bमौलिक साहित्य प्रकाशन aदिल्ली c1990 a162, डी कमला नगर bदिल्ली e110007 a128पृ. c20सेमी (सजिल्द) aअनुक्रमणिका भी शामिल  aहिंदी साहित्य  aहिंदी -- काव्य  aHindi Literature aHindi -- poem